Pido gancho 2 /
Con sus trece años recién estrenados, Anahí encara los cambios que conmueven su vida y va descubriendo la felicidad y el dolor. Cada día es un enorme interrogante y es en las preguntas, más que en las respuestas, donde comienza a crecer.
Guardado en:
| Autor Principal: | |
|---|---|
| Otros Autores: | |
| Formato: | Libro |
| Idioma: | Undetermined |
| Publicado: |
Buenos Aires :
Sudamericana,
2007.
|
| Edición: | 1a ed. |
| Series: | La pluma del gato
|
| Materias: | |
| Etiquetas: |
Agregar Etiqueta
Sin Etiquetas, Sea el primero en etiquetar este registro!
|
| LEADER | 00978nam a22002415a 4500 | ||
|---|---|---|---|
| 001 | CEM.cems024969 | ||
| 008 | 251106s2007####ag############000#0#und#d | ||
| 005 | 20251106140104.0 | ||
| 245 | 1 | 0 | |a Pido gancho 2 / |c Estela Smania ; ilustraciones Constanza Basaluzzo. |
| 250 | |a 1a ed. | ||
| 260 | |a Buenos Aires : |b Sudamericana, |c 2007. | ||
| 300 | |a 93 p. | ||
| 490 | 1 | |a La pluma del gato | |
| 500 | |a Edad sugerida: a partir de 10 años. | ||
| 520 | |a Con sus trece años recién estrenados, Anahí encara los cambios que conmueven su vida y va descubriendo la felicidad y el dolor. Cada día es un enorme interrogante y es en las preguntas, más que en las respuestas, donde comienza a crecer. | ||
| 020 | |a 9500727676 | ||
| 100 | 1 | |a Smania, Estela. | |
| 700 | 1 | |a Basaluzzo, Constanza; il. | |
| 653 | |a Literatura argentina | ||
| 653 | |a Literatura juvenil | ||
| 653 | |a Novela argentina | ||
| 653 | |a Novela juvenil | ||
| 859 | |a CEMS |b BIB. CEMS - 11 de abril |h A863.4 |i Sm22-1 |p 30497.25 |t Ej.1 | ||
